| 000 | 00698nam a22002657a 4500 | ||
|---|---|---|---|
| 003 | OSt | ||
| 008 | 150515b xxu||||| |||| 00| 0 eng d | ||
| 100 | 1 | _aLindquist, H. L. | |
| 041 | _aeng | ||
| 050 | 0 | 0 | _a383.2135S |
| 245 | 1 | 0 | _aThe Stamp Specialist |
| 246 | 1 | 0 | _aIndia Book (Number 17) |
| 260 |
_aNew York, NY _bH. L. Lindquist |
||
| 300 | _a142 pages | ||
| 650 | 0 | _aGeneral | |
| 650 | 0 | _aUS Civil War | |
| 650 | 0 | _aRobert E. Lee | |
| 650 | 0 | _aBooklet Panes | |
| 650 | 0 | _aBooklets | |
| 650 | 0 | _a1860-63 US Carrier Rate | |
| 650 | 0 | _aBelgium Postal Savings Roulette Cancellations | |
| 650 | 0 | _aNorway Steamship Mail Service | |
| 650 | 0 | _aMilwaukee Handstamps | |
| 650 | 0 | _aWisconsin | |
| 999 |
_c1475 _d1475 |
||